[Event "Campo Grande"]
[Site "Campo Grande"]
[Date "2022.06.05"]
[Round "4"]
[White "De Arruda Filho, Nivaldo Jesus"]
[Black "Luz, Arthur Nader"]
[Result "1/2-1/2"]
[WhiteElo "2037"]
[BlackElo "2231"]
[PlyCount "66"]
[EventDate "2022.06.03"]
[EventType "tourn"]
[EventRounds "5"]
[EventCountry "BRA"]
[SourceTitle "EXT 2024"]
[Source "ChessBase"]
[SourceDate "2023.10.10"]
[SourceVersion "1"]
[SourceVersionDate "2023.10.10"]
[SourceQuality "1"]

1. Nf3 g6 2. c4 Bg7 3. Nc3 Nf6 4. g3 0-0 5. Bg2 d6 6. 0-0 e5 7. d3 Nc6 8. Rb1 a5 9. a3 Re8 10. b4 axb4 11. axb4 Nd4 12. Ne1 c6 13. b5 d5 14. bxc6 bxc6 15. Bg5 Be6 16. e3 Nf5 17. e4 dxe4 18. Nxe4 Nd4 19. Nc2 Nxc2 20. Qxc2 Bf5 21. c5 Bxe4 22. Bxe4 h6 23. Bxf6 Qxf6 24. Rb6 Re6 25. Qc4 Bf8 26. f4 Ra5 27. Rb8 Kg7 28. f5 Bxc5+ 29. Kg2 gxf5 30. Bxf5 Rd6 31. Qg4+ Qg5 32. Qe2 Qe3 33. Qg4+ Qg5 1/2-1/2

[Event "Sao Paulo Carnaval op"]
[Site "Sao Paulo"]
[Date "2020.02.22"]
[Round "2"]
[White "De Arruda Filho, Nivaldo Jesus"]
[Black "Haraguchi, Diego Sashaki"]
[Result "1/2-1/2"]
[WhiteElo "2037"]
[BlackElo "1771"]
[PlyCount "58"]
[EventDate "2020.02.22"]
[EventType "swiss"]
[EventRounds "7"]
[EventCountry "BRA"]
[SourceTitle "CBM 195 Extra"]
[Source "ChessBase"]
[SourceDate "2020.05.31"]
[SourceVersion "1"]
[SourceVersionDate "2020.05.31"]
[SourceQuality "1"]

1. c4 Nf6 2. Nf3 g6 3. b3 Bg7 4. Bb2 0-0 5. g3 b6 6. Bg2 Bb7 7. 0-0 c5 8. d3 d5 9. cxd5 Nxd5 10. Bxg7 Kxg7 11. Qd2 e6 12. Na3 Na6 13. Nc4 Qe7 14. Nce5 Rad8 15. Ng4 Rh8 16. Qh6+ Kg8 17. e4 f5 18. exd5 fxg4 19. Ng5 Bxd5 20. Rfe1 Nc7 21. Rad1 Qf8 22. Qh4 Bxg2 23. Kxg2 h6 24. Ne4 Qf3+ 25. Kg1 g5 26. Qh5 Kg7 27. h3 Rhf8 28. Qxg4 Qxg4 29. hxg4 Rf3 1/2-1/2

[Event "Sao Paulo Carnaval op"]
[Site "Sao Paulo"]
[Date "2020.02.22"]
[Round "1"]
[White "De Paula, Bruno Cesar Lima"]
[Black "De Arruda Filho, Nivaldo Jesus"]
[Result "0-1"]
[WhiteElo "1520"]
[BlackElo "2037"]
[PlyCount "84"]
[EventDate "2020.02.22"]
[EventType "swiss"]
[EventRounds "7"]
[EventCountry "BRA"]
[SourceTitle "CBM 195 Extra"]
[Source "ChessBase"]
[SourceDate "2020.05.31"]
[SourceVersion "1"]
[SourceVersionDate "2020.05.31"]
[SourceQuality "1"]

1. e4 g6 2. d4 Bg7 3. c4 Nc6 4. Be3 e5 5. d5 Nd4 6. f4 c5 7. Bxd4 exd4 8. e5 d6 9. Nf3 Nh6 10. Nbd2 0-0 11. Bd3 Ng4 12. h3 Ne3 13. Qe2 Re8 14. Nf1 dxe5 15. Nxe3 e4 16. 0-0-0 exd3 17. Rxd3 Bf5 18. Rb3 dxe3 19. Re1 Qa5 20. Ra3 Qc7 21. g3 a6 22. Rxe3 Rxe3 23. Qxe3 b5 24. Ne5 bxc4 25. Nxc4 Bd4 26. Qf3 Qb7 27. g4 Be6 28. Rxe6 fxe6 29. Qe2 Qxd5 30. Nb6 Qh1+ 31. Kc2 Rd8 32. f5 Qc6 33. fxg6 Qxb6 34. Qe4 Qxb2+ 35. Kd1 Qa1+ 36. Kd2 Qxa2+ 37. Kd1 Qd5 38. gxh7+ Kh8 39. Qg6 Be3+ 40. Kc2 Qd2+ 41. Kb3 Rb8+ 42. Kc4 Qb4+ 0-1

[Event "Sao Paulo op-A U2300 8th"]
[Site "Sao Paulo"]
[Date "2019.10.20"]
[Round "6"]
[White "Luz, Arthur Nader"]
[Black "De Arruda Filho, Nivaldo Jesus"]
[Result "1-0"]
[WhiteElo "2184"]
[BlackElo "2068"]
[PlyCount "37"]
[EventDate "2019.10.17"]
[EventType "swiss"]
[EventRounds "6"]
[EventCountry "BRA"]
[SourceTitle "CBM 192 Extra"]
[Source "Chessbase"]
[SourceDate "2019.11.06"]
[SourceVersion "1"]
[SourceVersionDate "2019.11.06"]
[SourceQuality "1"]

1. e4 g6 2. d4 Bg7 3. c4 Nc6 4. Ne2 e5 5. Be3 exd4 6. Nxd4 Nxd4 7. Bxd4 Bxd4 8. Qxd4 Qf6 9. e5 Qe6 10. Be2 Ne7 11. f4 0-0 12. Nc3 f6 13. 0-0 Nc6 14. Qd2 fxe5 15. Bf3 Ne7 16. fxe5 d6 17. Bd5 Rxf1+ 18. Rxf1 Nxd5 19. Nxd5 1-0

[Event "Ponta Pora-ch"]
[Site "Ponta Pora"]
[Date "2019.07.21"]
[Round "4"]
[White "Gazineu Neto, Rubens"]
[Black "De Arruda Filho, Nivaldo Jesus"]
[Result "0-1"]
[WhiteElo "1961"]
[BlackElo "2045"]
[PlyCount "82"]
[EventDate "2019.07.19"]
[EventType "swiss"]
[EventRounds "5"]
[EventCountry "BRA"]
[SourceTitle "EXT 2020"]
[Source "ChessBase"]
[SourceDate "2019.10.17"]
[SourceVersion "1"]
[SourceVersionDate "2019.10.17"]
[SourceQuality "1"]

1. e4 g6 2. d4 Bg7 3. Nf3 d6 4. Be2 a6 5. c4 e5 6. dxe5 dxe5 7. Qxd8+ Kxd8 8. Nc3 Nc6 9. Be3 Be6 10. 0-0-0+ Ke8 11. Nd5 Bxd5 12. exd5 Nce7 13. g4 Nh6 14. h3 f6 15. Bc5 Nf7 16. Nd2 Nc8 17. Ne4 Ncd6 18. f3 Nxe4 19. fxe4 Bh6+ 20. Kc2 b6 21. Ba3 Bf8 22. Bxf8 Kxf8 23. Kd3 Ke7 24. Rc1 a5 25. c5 bxc5 26. Rxc5 Ra7 27. Rhc1 Kd7 28. Ke3 Nd6 29. h4 Rb8 30. R1c2 Rb4 31. Bd3 a4 32. a3 Rb3 33. R5c3 Rab7 34. Kd2 Rxc3 35. bxc3 Rb1 36. c4 c5 37. dxc6+ Kxc6 38. Rc3 Rg1 39. Bc2 Kc5 40. h5 Rxg4 41. hxg6 hxg6 0-1

[Event "American Continental 15th"]
[Site "Sao Paulo"]
[Date "2019.07.05"]
[Round "1"]
[White "Hambleton, Aman"]
[Black "De Arruda Filho, Nivaldo Jesus"]
[Result "1-0"]
[WhiteElo "2487"]
[BlackElo "2045"]
[PlyCount "45"]
[EventDate "2019.07.05"]
[EventType "swiss"]
[EventRounds "11"]
[EventCountry "BRA"]
[SourceTitle "CBM 191 Extra"]
[Source "ChessBase"]
[SourceDate "2019.09.30"]
[SourceVersion "1"]
[SourceVersionDate "2019.09.30"]
[SourceQuality "1"]

1. d4 Nf6 2. c4 g6 3. Nc3 d5 4. cxd5 Nxd5 5. Bd2 Bg7 6. e4 Nb6 7. Be3 0-0 8. h3 Na6 9. Nf3 c6 10. Bxa6 bxa6 11. 0-0 Nc4 12. Qe2 Nd6 13. Rfe1 Qa5 14. Rac1 Rb8 15. b3 Bb7 16. Na4 Nxe4 17. Bf4 Nd6 18. Qxe7 Nf5 19. Qc5 Qxc5 20. Nxc5 Nxd4 21. Nxd4 Bxd4 22. Bxb8 Rxb8 23. Re7 1-0

[Event "Florianopolis Region-ch sf"]
[Site "Florianopolis"]
[Date "2018.12.15"]
[Round "4"]
[White "Gauche, Charles"]
[Black "De Arruda Filho, Nivaldo Jesus"]
[Result "1-0"]
[WhiteElo "2205"]
[BlackElo "2034"]
[PlyCount "47"]
[EventDate "2018.12.13"]
[EventType "swiss"]
[EventRounds "7"]
[EventCountry "BRA"]
[SourceTitle "CBM 187 Extra"]
[Source "ChessBase"]
[SourceDate "2018.11.04"]
[SourceVersion "1"]
[SourceVersionDate "2018.11.04"]
[SourceQuality "1"]

1. e4 e6 2. d4 d5 3. Nd2 Nc6 4. Ngf3 Nf6 5. e5 Nd7 6. Bb5 a6 7. Ba4 Be7 8. 0-0 0-0 9. c3 f6 10. exf6 Bxf6 11. Re1 b5 12. Bc2 e5 13. Bb3 Nb6 14. dxe5 Be7 15. h3 Bb7 16. Ne4 Na5 17. Neg5 Nxb3 18. axb3 Rf5 19. Ne6 Qc8 20. Nfd4 Rf7 21. b4 a5 22. Rxa5 Rxa5 23. bxa5 Nc4 24. b4 1-0

[Event "Brazil Foz do Iguacu op"]
[Site "Foz do Iguacu"]
[Date "2018.05.19"]
[Round "7"]
[White "Coelho, Tatiane Cristina"]
[Black "De Arruda Filho, Nivaldo Jesus"]
[Result "0-1"]
[WhiteElo "1741"]
[BlackElo "1993"]
[PlyCount "66"]
[EventDate "2018.05.16"]
[EventType "swiss"]
[EventRounds "9"]
[EventCountry "BRA"]
[SourceTitle "CBM 184 Extra"]
[Source "ChessBase"]
[SourceDate "2018.06.28"]
[SourceVersion "1"]
[SourceVersionDate "2018.06.28"]
[SourceQuality "1"]

1. e4 e6 2. Nf3 d5 3. Nc3 Bb4 4. e5 Ne7 5. d4 b6 6. Bd2 Bxc3 7. Bxc3 Ba6 8. Bd3 c5 9. 0-0 Bxd3 10. Qxd3 Nbc6 11. Rfe1 0-0 12. Bd2 h6 13. Rac1 Nf5 14. dxc5 bxc5 15. c4 d4 16. g4 Nh4 17. Qe4 Rc8 18. Kh1 Nxf3 19. Qxf3 Qc7 20. Qe4 Qb7 21. b3 Nd8 22. g5 h5 23. g6 fxg6 24. f4 Qxe4+ 25. Rxe4 Nc6 26. Rg1 Kh7 27. Be1 Rf5 28. Bh4 Nb4 29. Rg2 Nd3 30. Bg5 Rcf8 31. b4 Nxb4 32. Be7 Rc8 33. Kg1 Nd3 0-1

[Event "Brazil Foz do Iguacu op"]
[Site "Foz do Iguacu"]
[Date "2018.05.19"]
[Round "8"]
[White "De Arruda Filho, Nivaldo Jesus"]
[Black "Cruz, William Ferreira Da"]
[Result "0-1"]
[WhiteElo "1993"]
[BlackElo "2274"]
[PlyCount "64"]
[EventDate "2018.05.16"]
[EventType "swiss"]
[EventRounds "9"]
[EventCountry "BRA"]
[SourceTitle "EXT 2019"]
[Source "ChessBase"]
[SourceDate "2018.10.10"]
[SourceVersion "1"]
[SourceVersionDate "2018.10.10"]
[SourceQuality "1"]

1. c4 Nf6 2. Nc3 g6 3. g3 Bg7 4. Bg2 d6 5. Nf3 0-0 6. 0-0 e5 7. d3 Nc6 8. Rb1 a5 9. a3 h6 10. b4 axb4 11. axb4 Be6 12. e3 Qd7 13. Re1 Bh3 14. Bh1 Ng4 15. Qb3 Kh8 16. Nd5 f5 17. b5 Nd8 18. d4 g5 19. dxe5 dxe5 20. Bb2 Ne6 21. Rbd1 Qf7 22. Bg2 Qh5 23. Bh1 f4 24. exf4 gxf4 25. gxf4 Nxf4 26. Nxf4 Rxf4 27. Rd7 Rg8 28. Qd3 Nf6 29. Nxe5 Nxd7 30. Ng6+ Qxg6+ 31. Qxg6 Bxb2 32. Re8 Rg4+ 0-1

[Event "Sao Paulo op-B U2050 7th"]
[Site "Sao Paulo"]
[Date "2018.04.01"]
[Round "5"]
[White "Pereira da Silva, Gabriel Robert"]
[Black "De Arruda Filho, Nivaldo Jesus"]
[Result "0-1"]
[WhiteElo "1648"]
[BlackElo "1941"]
[PlyCount "68"]
[EventDate "2018.03.30"]
[EventType "swiss"]
[EventRounds "6"]
[EventCountry "BRA"]
[SourceTitle "EXT 2021"]
[Source "ChessBase"]
[SourceDate "2020.10.23"]
[SourceVersion "1"]
[SourceVersionDate "2020.10.23"]
[SourceQuality "1"]

1. e4 e6 2. d4 d5 3. exd5 exd5 4. Bd3 Nf6 5. Ne2 c5 6. c3 Be7 7. 0-0 0-0 8. h3 Nc6 9. Nd2 cxd4 10. cxd4 b6 11. Nf3 Nb4 12. Bb1 Ba6 13. Ne5 Rc8 14. Re1 Ne4 15. a3 Nc6 16. Nf4 Nxd4 17. Nxd5 Ne2+ 18. Rxe2 Bxe2 19. Qd4 Rxc1+ 20. Kh2 Rxb1 21. Rxb1 Nf6 22. Nc6 Qd6+ 23. Kg1 Nxd5 24. Qxd5 Re8 25. Nxe7+ Qxe7 26. Re1 h6 27. Qd2 Qe5 28. a4 Re6 29. g4 Qe4 30. Qd8+ Kh7 31. Qd7 Qf3 32. Qxa7 Qxh3 33. Qxf7 Qxg4+ 34. Kh2 Rg6 0-1

[Event "Sao Paulo op-B U2050 7th"]
[Site "Sao Paulo"]
[Date "2018.03.30"]
[Round "1"]
[White "De Arruda Filho, Nivaldo Jesus"]
[Black "Passos Coutinho, Eduardo"]
[Result "1-0"]
[WhiteElo "1941"]
[BlackElo "1678"]
[PlyCount "91"]
[EventDate "2018.03.30"]
[EventType "swiss"]
[EventRounds "6"]
[EventCountry "BRA"]
[SourceTitle "EXT 2021"]
[Source "ChessBase"]
[SourceDate "2020.10.23"]
[SourceVersion "1"]
[SourceVersionDate "2020.10.23"]
[SourceQuality "1"]

1. c4 Nf6 2. Nc3 c5 3. g3 Nc6 4. Bg2 g6 5. a3 Bg7 6. Rb1 0-0 7. b4 cxb4 8. axb4 Rb8 9. e3 b6 10. Nge2 Bb7 11. d3 e6 12. e4 d6 13. 0-0 Nd7 14. Nb5 Qe7 15. Bb2 a6 16. Bxg7 Kxg7 17. Nbc3 Qf6 18. b5 Nd4 19. bxa6 Bxa6 20. Nxd4 Qxd4 21. Ne2 Qf6 22. Qa4 Nc5 23. Qa3 e5 24. Nc3 Qd8 25. Na4 Nxa4 26. Qxa4 Qc8 27. Rb4 Qc5 28. Rfb1 Bc8 29. Qb3 Be6 30. Rxb6 Rxb6 31. Qxb6 Qxb6 32. Rxb6 Rd8 33. f4 Kf6 34. Kf2 h5 35. Ke3 Rd7 36. fxe5+ dxe5 37. Bh3 Ra7 38. Bxe6 fxe6 39. c5 Rc7 40. d4 exd4+ 41. Kxd4 Ke7 42. c6 Kf6 43. h4 e5+ 44. Kd5 g5 45. Kd6 Rg7 46. c7 1-0

[Event "Cuiaba Contaud op"]
[Site "Cuiaba"]
[Date "2017.07.30"]
[Round "5"]
[White "Campelo, Leandro Fabricio"]
[Black "De Arruda Filho, Nivaldo Jesus"]
[Result "1-0"]
[WhiteElo "2205"]
[BlackElo "1953"]
[PlyCount "49"]
[EventDate "2017.07.28"]
[EventType "swiss"]
[EventRounds "6"]
[EventCountry "BRA"]
[SourceTitle "EXT 2018"]
[Source "ChessBase"]
[SourceDate "2017.10.13"]
[SourceVersion "1"]
[SourceVersionDate "2017.10.13"]
[SourceQuality "1"]

1. e4 e6 2. d4 d5 3. Nc3 Bb4 4. e5 Ne7 5. a3 Bxc3+ 6. bxc3 c5 7. Qg4 Qc7 8. Bd3 cxd4 9. Ne2 dxc3 10. Qxg7 Rg8 11. Qxh7 Nbc6 12. Bf4 Bd7 13. 0-0 d4 14. Bg3 0-0-0 15. Be4 Rdf8 16. Rab1 Qa5 17. Rfd1 Qc5 18. a4 a6 19. Rd3 Nf5 20. Bxf5 exf5 21. Rbd1 Rg4 22. h3 Re4 23. Nxc3 dxc3 24. Rxd7 Nxe5 25. R7d5 1-0

[Event "Brasilia Terraviva op"]
[Site "Brasilia"]
[Date "2017.01.06"]
[Round "2"]
[White "Cubas, Jose Fernando"]
[Black "De Arruda Filho, Nivaldo Jesus"]
[Result "1-0"]
[WhiteElo "2469"]
[BlackElo "1951"]
[PlyCount "69"]
[EventDate "2017.01.06"]
[EventType "swiss"]
[EventRounds "6"]
[EventCountry "BRA"]
[SourceTitle "CBM 176 Extra"]
[Source "ChessBase"]
[SourceDate "2017.03.02"]
[SourceVersion "1"]
[SourceVersionDate "2017.03.02"]
[SourceQuality "1"]

1. e4 e6 2. d4 d5 3. Nc3 Nf6 4. e5 Ne4 5. Nce2 f6 6. f3 Ng5 7. exf6 Qxf6 8. Be3 Nf7 9. Qd2 Nd7 10. Nh3 Nb6 11. Nc3 Bd7 12. Nb5 Bxb5 13. Bxb5+ c6 14. Be2 Bd6 15. 0-0-0 0-0-0 16. f4 Bc7 17. Nf2 Nd6 18. b3 Ne4 19. Nxe4 dxe4 20. c4 Rhf8 21. g3 Kb8 22. Qc2 Qf5 23. Bf1 g5 24. Bg2 gxf4 25. Bxe4 Qg4 26. gxf4 Bxf4 27. Bxf4+ Rxf4 28. Bxh7 Rfxd4 29. Rxd4 Qxd4 30. Kb1 Qf4 31. h4 Rd2 32. Qc3 Nd7 33. h5 Nf6 34. Bc2 Ne4 35. Qh8+ 1-0

[Event "BRA-ch Amateur U2000"]
[Site "Sao Paulo"]
[Date "2016.05.26"]
[Round "1"]
[White "Gomes, Marco Tulio Caldeir"]
[Black "De Arruda Filho, Nivaldo Jesus"]
[Result "0-1"]
[WhiteElo "1821"]
[BlackElo "1937"]
[PlyCount "72"]
[EventDate "2016.05.26"]
[EventType "swiss"]
[EventRounds "7"]
[EventCountry "BRA"]
[SourceTitle "EXT 2019"]
[Source "ChessBase"]
[SourceDate "2018.10.10"]
[SourceVersion "1"]
[SourceVersionDate "2018.10.10"]
[SourceQuality "1"]

1. c4 d5 2. cxd5 Qxd5 3. Nc3 Qa5 4. d4 e5 5. dxe5 Nc6 6. Bd2 Qxe5 7. Nf3 Qh5 8. e4 Bg4 9. Be2 Bc5 10. Nd5 0-0-0 11. Qc2 Nf6 12. Nf4 Rxd2 13. Nxd2 Nd4 14. Qc4 Qg5 15. Bxg4+ Nxg4 16. Nd3 Nxf2 17. Nxf2 Qe3+ 18. Kd1 Qxf2 19. Qxc5 Rd8 20. Qc3 Qe2+ 21. Kc1 Qxg2 22. Re1 Ne2+ 23. Rxe2 Qxe2 24. Kc2 Rd6 25. Rc1 Rc6 26. Rg1 Rxc3+ 27. bxc3 g6 28. Rf1 f5 29. exf5 gxf5 30. Rxf5 b6 31. h4 Qg4 32. Rf8+ Kb7 33. Nb3 Qxh4 34. Nd4 Qe4+ 35. Kb3 h5 36. Rh8 h4 0-1